| 000 | 00381nam a2200169Ia 4500 | ||
|---|---|---|---|
| 003 | OSt | ||
| 005 | 20240321104530.0 | ||
| 008 | 170523s9999 xx 000 0 und d | ||
| 020 | _a9788171793846 | ||
| 040 | _cIIMT UNIVERSIY MEERUT | ||
| 100 | _aGupta- L.C | ||
| 245 | 0 | _aManual of First Aid | |
| 260 | _aJaypee Brothers | ||
| 260 | _c2012 | ||
| 300 | _a441 | ||
| 942 |
_2ddc _c02 |
||
| 999 |
_c12612 _d12612 |
||